[Event "Bamberg op 6th"]
[Site "Bamberg"]
[Date "2024.09.05"]
[Round "3"]
[White "Hehn, Hartmut"]
[Black "Hahnewald, Uwe"]
[Result "1-0"]
[WhiteElo "2020"]
[BlackElo "1869"]
[PlyCount "87"]
[EventDate "2024.09.04"]
[EventType "swiss"]
[EventRounds "7"]
[EventCountry "GER"]
[SourceTitle "CB37_2024"]
[SourceDate "2024.09.11"]
[SourceVersion "1"]
[SourceVersionDate "2024.09.11"]
[SourceQuality "1"]

1. Nf3 d5 2. c4 e6 3. e3 Nf6 4. b3 c5 5. Bb2 Be7 6. Be2 0-0 7. 0-0 Nc6 8. d4 dxc4 9. Bxc4 cxd4 10. Nxd4 Nxd4 11. Bxd4 Bd7 12. Qe2 Bc6 13. Rd1 Qc7 14. Nd2 Rfd8 15. Nf3 Rac8 16. h3 Ne4 17. Qb2 Bf6 18. Bxf6 Nxf6 19. Nd4 Bd5 20. Rac1 Qe7 21. Bxd5 Nxd5 22. Rxc8 Rxc8 23. Nf5 exf5 24. Rxd5 g6 25. Qd4 Qa3 26. Rd7 Qc1+ 27. Kh2 Qc6 28. a4 a6 29. h4 h5 30. Kg3 Re8 31. Qd5 Qxd5 32. Rxd5 Re4 33. Rd4 Re7 34. Kf3 Kf8 35. g3 Ke8 36. Kf4 Rd7 37. Ke5 Re7+ 38. Kd6 Kd8 39. a5 Re6+ 40. Kd5 Kd7 41. b4 b5 42. axb6 Rxb6 43. Kc5+ Kc7 44. Rd7+ 1-0

[Event "Bamberg op 6th"]
[Site "Bamberg"]
[Date "2024.09.04"]
[Round "1"]
[White "Hahnewald, Uwe"]
[Black "Riemer, Ralf"]
[Result "1/2-1/2"]
[WhiteElo "1869"]
[BlackElo "1997"]
[PlyCount "59"]
[EventDate "2024.09.04"]
[EventType "swiss"]
[EventRounds "7"]
[EventCountry "GER"]
[SourceTitle "CB37_2024"]
[SourceDate "2024.09.11"]
[SourceVersion "1"]
[SourceVersionDate "2024.09.11"]
[SourceQuality "1"]

1. d4 Nf6 2. Nf3 e6 3. c4 d5 4. cxd5 exd5 5. Nc3 c6 6. Qc2 Bd6 7. Bg5 0-0 8. e3 h6 9. Bh4 b5 10. a3 Qa5 11. Bxf6 gxf6 12. Bd3 b4 13. Qa4 Qxa4 14. Nxa4 Ba6 15. Bxa6 Nxa6 16. 0-0 Rfc8 17. axb4 Nxb4 18. Rfc1 Rab8 19. Rc3 Rb5 20. Nc5 Rc7 21. g3 a5 22. Kg2 Ra7 23. Na4 Kf8 24. Kf1 Ke8 25. Ke2 Kd7 26. Nd2 Na6 27. Rac1 Nb8 28. Nb3 Bb4 29. Nbc5+ Kd6 30. R3c2 1/2-1/2

[Event "IBCA EU-ch blind"]
[Site "Ploiesti"]
[Date "2024.06.18"]
[Round "3"]
[White "Van Melle, Nathan"]
[Black "Hahnewald, Uwe"]
[Result "0-1"]
[WhiteElo "1665"]
[BlackElo "1895"]
[PlyCount "82"]
[EventDate "2024.06.16"]
[EventType "swiss"]
[EventRounds "9"]
[EventCountry "ROU"]
[SourceTitle "CB26_2024"]
[SourceDate "2024.06.26"]
[SourceVersion "1"]
[SourceVersionDate "2024.06.26"]
[SourceQuality "1"]

1. e4 c5 2. c3 Nf6 3. e5 Nd5 4. d4 cxd4 5. cxd4 Nc6 6. Nf3 d6 7. Bc4 Nb6 8. Bb3 dxe5 9. Nxe5 Nxe5 10. dxe5 Qxd1+ 11. Kxd1 e6 12. Nc3 Bd7 13. Be3 Bc6 14. f3 Nd7 15. Bf4 0-0-0 16. Ke2 Be7 17. Rac1 Kb8 18. Rhd1 g5 19. Bg3 h5 20. h3 h4 21. Bh2 g4 22. hxg4 h3 23. g3 Nxe5 24. Rxd8+ Rxd8 25. Rf1 Bxf3+ 26. Rxf3 Rd2+ 27. Kxd2 Nxf3+ 28. Ke2 Nxh2 29. Kf2 Nxg4+ 30. Kg1 Kc7 31. Bd1 Bc5+ 32. Kh1 Nf2+ 33. Kh2 Nxd1 34. Nxd1 Bd4 35. Kxh3 Kd6 36. Kg4 Kd5 37. Kf3 f6 38. g4 e5 39. Ne3+ Bxe3 40. Kxe3 e4 41. b4 b5 0-1

[Event "IBCA EU-ch blind"]
[Site "Ploiesti"]
[Date "2024.06.16"]
[Round "1"]
[White "Hahnewald, Uwe"]
[Black "Pehlivan, Meric"]
[Result "0-1"]
[WhiteElo "1895"]
[BlackElo "1663"]
[PlyCount "50"]
[EventDate "2024.06.16"]
[EventType "swiss"]
[EventRounds "9"]
[EventCountry "ROU"]
[SourceTitle "CB26_2024"]
[SourceDate "2024.06.26"]
[SourceVersion "1"]
[SourceVersionDate "2024.06.26"]
[SourceQuality "1"]

1. d4 Nf6 2. Nf3 e6 3. e3 b6 4. Bd3 Bb7 5. b3 Be7 6. Bb2 0-0 7. 0-0 d5 8. Nbd2 c5 9. Ne5 Nbd7 10. f4 Ne4 11. Bxe4 dxe4 12. Ndc4 Nxe5 13. dxe5 b5 14. Nd6 Bxd6 15. exd6 Qd7 16. Qg4 f6 17. Rad1 a5 18. Rd2 a4 19. a3 axb3 20. cxb3 Ra6 21. Rfd1 Rf7 22. f5 exf5 23. Qf4 Rf8 24. Rc1 Rc8 25. Qf1 Rxd6 0-1

[Event "Scarborough CC-ch Reserves op"]
[Site "Toronto"]
[Date "2010.03.25"]
[Round "5"]
[White "Moysoski, Randy"]
[Black "Hahnewald, Uwe"]
[Result "1/2-1/2"]
[WhiteElo "1886"]
[BlackElo "1935"]
[PlyCount "66"]
[EventDate "2010.02.25"]
[EventType "swiss"]
[EventRounds "9"]
[EventCountry "CAN"]
[SourceTitle "EXT 2022"]
[Source "ChessBase"]
[SourceDate "2021.10.06"]
[SourceVersion "1"]
[SourceVersionDate "2021.10.06"]
[SourceQuality "1"]

1. e4 e5 2. f4 exf4 3. Bc4 d6 4. Nf3 h6 5. 0-0 Nc6 6. d4 g5 7. c3 Bg7 8. b4 a6 9. a4 Bg4 10. Qd3 Nf6 11. Nbd2 0-0 12. Bb3 Bh5 13. Qb1 Bg6 14. Bc2 Ng4 15. Nb3 Re8 16. Re1 Qd7 17. h3 Nf6 18. Nh2 b6 19. Bd2 a5 20. b5 Nd8 21. Bd3 Ne6 22. Qc2 Nh5 23. Ng4 Nf8 24. d5 Nh7 25. Nd4 Ng3 26. Nc6 Rac8 27. Rad1 Nf6 28. Nxf6+ Bxf6 29. Na7 Ra8 30. Nc6 Bh5 31. Rc1 Bg6 32. Rcd1 Kh8 33. Nd4 Kg8 1/2-1/2

[Event "Scarborough CC-ch Reserves op"]
[Site "Toronto"]
[Date "2010.03.04"]
[Round "2"]
[White "Hahnewald, Uwe"]
[Black "Bellomo, Joe"]
[Result "1-0"]
[WhiteElo "1935"]
[BlackElo "1778"]
[PlyCount "75"]
[EventDate "2010.02.25"]
[EventType "swiss"]
[EventRounds "9"]
[EventCountry "CAN"]
[SourceTitle "EXT 2022"]
[Source "ChessBase"]
[SourceDate "2021.10.06"]
[SourceVersion "1"]
[SourceVersionDate "2021.10.06"]
[SourceQuality "1"]

1. e4 c5 2. c3 Nc6 3. d4 cxd4 4. cxd4 Qb6 5. Nf3 Nf6 6. Nc3 d6 7. Bb5 a6 8. Ba4 Bd7 9. 0-0 e6 10. d5 Ne5 11. Nxe5 dxe5 12. dxe6 Qxe6 13. Bg5 Bxa4 14. Qxa4+ Qc6 15. Qxc6+ bxc6 16. Rac1 Be7 17. Rfe1 0-0 18. Na4 Bb4 19. Re2 Rfd8 20. f3 Rd6 21. Rec2 Rc8 22. Nb6 Rc7 23. a3 Ba5 24. Nc4 Nxe4 25. fxe4 Rg6 26. Bd8 Rd7 27. Bxa5 f6 28. Nb6 Rd4 29. Rc4 Rd3 30. Rxc6 h5 31. Nd5 Rg4 32. Rc8+ Kh7 33. R1c7 Rd1+ 34. Kf2 Rg6 35. Rb8 Rh1 36. Rcc8 Rg5 37. Ne7 g6 38. Rb7 1-0

[Event "Dresden ZMD op"]
[Site "Dresden"]
[Date "2009.07.31"]
[Round "7"]
[White "Hahnewald, Uwe"]
[Black "Schmidt, Maurin"]
[Result "1-0"]
[WhiteElo "1832"]
[BlackElo "1917"]
[PlyCount "51"]
[EventDate "2009.07.25"]
[EventType "swiss"]
[EventRounds "9"]
[EventCountry "GER"]
[SourceTitle "CBM 131 Extra"]
[Source "ChessBase"]
[SourceDate "2009.09.03"]
[SourceVersion "2"]
[SourceVersionDate "2009.09.16"]
[SourceQuality "1"]

1. e4 d6 2. d4 Nf6 3. Nc3 g6 4. f4 Bg7 5. Nf3 c6 6. Bd3 b5 7. 0-0 0-0 8. Be3 Ng4 9. Bd2 Qb6 10. Ne2 c5 11. c3 Nc6 12. h3 cxd4 13. cxd4 Nxd4 14. hxg4 Nxf3+ 15. Kh1 Nxd2 16. Qxd2 Bxg4 17. Ng3 Rac8 18. f5 Be5 19. Qg5 Bxg3 20. Qxg4 Be5 21. fxg6 hxg6 22. Rf3 Bxb2 23. Raf1 Rc1 24. Rxc1 Bxc1 25. Rh3 Qf2 26. Rf3 1-0

[Event "Jena Schwarzer Baer op"]
[Site "Jena"]
[Date "2009.02.07"]
[Round "4"]
[White "Hahnewald, Uwe"]
[Black "Helms, Sven"]
[Result "1/2-1/2"]
[WhiteElo "1683"]
[BlackElo "2071"]
[PlyCount "47"]
[EventDate "2009.02.04"]
[EventType "swiss"]
[EventRounds "7"]
[EventCountry "GER"]
[SourceTitle "EXT 2010"]
[Source "ChessBase"]
[SourceDate "2010.11.25"]
[SourceVersion "1"]
[SourceVersionDate "2010.11.25"]
[SourceQuality "1"]

1. e4 e6 2. d4 d5 3. Nd2 Nf6 4. e5 Nfd7 5. Ngf3 c5 6. c3 Nc6 7. Bd3 cxd4 8. cxd4 f6 9. exf6 Nxf6 10. 0-0 Bd6 11. b3 0-0 12. Bb2 Bd7 13. Re1 Qb6 14. Nf1 Rae8 15. Ne3 e5 16. Bf5 Bxf5 17. Nxf5 Nxd4 18. N5xd4 exd4 19. Bxd4 Rxe1+ 20. Qxe1 Bc5 21. Bxc5 Qxc5 22. Qe6+ Kh8 23. Ng5 h6 24. Nf7+ 1/2-1/2

[Event "Toronto Labour Day op"]
[Site "Toronto"]
[Date "2008.09.01"]
[Round "5"]
[White "Mahesh, Moorjani"]
[Black "Hahnewald, Uwe"]
[Result "0-1"]
[WhiteElo "1760"]
[BlackElo "1743"]
[PlyCount "68"]
[EventDate "2008.08.30"]
[EventType "swiss"]
[EventRounds "6"]
[EventCountry "CAN"]
[SourceTitle "EXT 2011"]
[Source "ChessBase"]
[SourceDate "2010.11.26"]
[SourceVersion "1"]
[SourceVersionDate "2010.11.26"]
[SourceQuality "1"]

1. d4 Nf6 2. c4 e6 3. Nc3 d5 4. Nf3 Be7 5. Bf4 0-0 6. e3 Nbd7 7. Bd3 dxc4 8. Bxc4 c5 9. 0-0 cxd4 10. exd4 Nb6 11. Bb3 Nbd5 12. Bg3 Nxc3 13. bxc3 b6 14. Qe2 Bb7 15. Nd2 Bd6 16. Bh4 Rc8 17. Rac1 Be7 18. f3 Nd5 19. Bxd5 Bxd5 20. Bf2 Re8 21. Rfd1 Qd7 22. Nf1 Ba3 23. Rc2 Bc6 24. Rd3 Ba4 25. f4 Bxc2 26. Qxc2 Be7 27. Rh3 g6 28. Nd2 Bf6 29. Ne4 Bg7 30. Bh4 Qxd4+ 31. Bf2 Qd5 32. Qe2 f5 33. Ng5 Rxc3 34. Rxc3 Bxc3 0-1

[Event "Quebec op U2000"]
[Site "Montreal"]
[Date "2008.07.20"]
[Round "2"]
[White "Gilbert, Erick"]
[Black "Hahnewald, Uwe"]
[Result "0-1"]
[WhiteElo "1845"]
[BlackElo "1705"]
[PlyCount "51"]
[EventDate "2008.07.19"]
[EventType "swiss"]
[EventRounds "8"]
[EventCountry "CAN"]
[SourceTitle "EXT 2011"]
[Source "ChessBase"]
[SourceDate "2010.11.26"]
[SourceVersion "1"]
[SourceVersionDate "2010.11.26"]
[SourceQuality "1"]

1. Nf3 d5 2. d3 Nf6 3. g3 e6 4. Bg2 c5 5. Nbd2 Be7 6. 0-0 Nc6 7. c3 b6 8. e4 Bb7 9. Qe2 Qc7 10. Re1 h6 11. a3 0-0-0 12. b4 dxe4 13. dxe4 Ne5 14. Nxe5 Qxe5 15. Bb2 h5 16. Nb3 h4 17. f4 Qc7 18. g4 h3 19. Bf3 g5 20. f5 exf5 21. exf5 Rde8 22. c4 Bd6 23. Qf2 Bxf3 24. Bxf6 Bg2 25. Qd2 Bxh2+ 26. Kf2 0-1

[Event "Baden-ch AT2"]
[Site "Oberwinden"]
[Date "2007.04.14"]
[Round "9"]
[White "Hahnewald, Uwe"]
[Black "Machauer, Markus"]
[Result "1/2-1/2"]
[WhiteElo "1623"]
[BlackElo "1613"]
[PlyCount "33"]
[EventDate "2007.04.07"]
[EventType "swiss"]
[EventRounds "9"]
[EventCountry "GER"]
[SourceTitle "CBM 117 Extra"]
[Source "ChessBase"]
[SourceDate "2007.05.09"]
[SourceVersion "1"]
[SourceVersionDate "2007.05.09"]
[SourceQuality "1"]

1. e4 e5 2. Nf3 d6 3. Nc3 Be7 4. d4 exd4 5. Nxd4 Nf6 6. Bc4 0-0 7. 0-0 Nbd7 8. Nf5 a6 9. Nxe7+ Qxe7 10. Re1 h6 11. a4 Nc5 12. Nd5 Nxd5 13. exd5 Qh4 14. Qe2 Bf5 15. Be3 Rae8 16. Ra3 Bg6 17. b4 1/2-1/2

[Event "Baden-ch AT2"]
[Site "Oberwinden"]
[Date "2007.04.12"]
[Round "7"]
[White "Hahnewald, Uwe"]
[Black "Rechlin, Stefan"]
[Result "0-1"]
[WhiteElo "1623"]
[BlackElo "1576"]
[PlyCount "94"]
[EventDate "2007.04.07"]
[EventType "swiss"]
[EventRounds "9"]
[EventCountry "GER"]
[SourceTitle "CBM 117 Extra"]
[Source "ChessBase"]
[SourceDate "2007.05.09"]
[SourceVersion "1"]
[SourceVersionDate "2007.05.09"]
[SourceQuality "1"]

1. e4 e5 2. Nf3 Nc6 3. Bb5 Bc5 4. 0-0 d6 5. c3 Bd7 6. d4 exd4 7. cxd4 Bb6 8. Nc3 Nce7 9. Bc4 h6 10. Qb3 Be6 11. Bxe6 fxe6 12. Qxe6 Qd7 13. Qxd7+ Kxd7 14. Ne2 Nf6 15. Ng3 Rae8 16. Re1 Nc6 17. d5 Nd4 18. Nxd4 Bxd4 19. Nf5 Bb6 20. Nxg7 Rxe4 21. Rxe4 Nxe4 22. Be3 Bxe3 23. fxe3 Nf6 24. Rd1 Rg8 25. Nf5 h5 26. Kf1 Rg5 27. Nh4 Nxd5 28. Kf2 Nf6 29. h3 Rc5 30. Kf3 Rc2 31. Rb1 Ke6 32. g4 Rc4 33. Rg1 hxg4+ 34. hxg4 Nh7 35. Rg2 Ng5+ 36. Kg3 Ne4+ 37. Kh3 Ng5+ 38. Kh2 Kf6 39. Nf5 Nf3+ 40. Kg3 Ne5 41. Nd4 c5 42. b3 Rc3 43. Nf5 d5 44. Kh2 Nxg4+ 45. Rxg4 Kxf5 46. Rg3 Ke4 47. Rg4+ Kxe3 0-1